<?xml version="1.0" encoding="UTF-8"?><?xml-stylesheet type="text/xsl" href="static/style.xsl"?><OAI-PMH xmlns="http://www.openarchives.org/OAI/2.0/" xmlns:xsi="http://www.w3.org/2001/XMLSchema-instance" xsi:schemaLocation="http://www.openarchives.org/OAI/2.0/ http://www.openarchives.org/OAI/2.0/OAI-PMH.xsd"><responseDate>2026-04-17T01:10:13Z</responseDate><request verb="GetRecord" identifier="oai:www.recercat.cat:2117/346625" metadataPrefix="marc">https://recercat.cat/oai/request</request><GetRecord><record><header><identifier>oai:recercat.cat:2117/346625</identifier><datestamp>2025-07-16T22:32:18Z</datestamp><setSpec>com_2072_1033</setSpec><setSpec>col_2072_452949</setSpec></header><metadata><record xmlns="http://www.loc.gov/MARC21/slim" xmlns:dcterms="http://purl.org/dc/terms/" xmlns:xsi="http://www.w3.org/2001/XMLSchema-instance" xmlns:doc="http://www.lyncode.com/xoai" xsi:schemaLocation="http://www.loc.gov/MARC21/slim http://www.loc.gov/standards/marcxml/schema/MARC21slim.xsd">
   <leader>00925njm 22002777a 4500</leader>
   <datafield ind2=" " ind1=" " tag="042">
      <subfield code="a">dc</subfield>
   </datafield>
   <datafield ind2=" " ind1=" " tag="720">
      <subfield code="a">Olvera, Núria</subfield>
      <subfield code="e">author</subfield>
   </datafield>
   <datafield ind2=" " ind1=" " tag="720">
      <subfield code="a">Faner, Rosa</subfield>
      <subfield code="e">author</subfield>
   </datafield>
   <datafield ind2=" " ind1=" " tag="720">
      <subfield code="a">Valencia, Alfonso</subfield>
      <subfield code="e">author</subfield>
   </datafield>
   <datafield ind2=" " ind1=" " tag="260">
      <subfield code="c">2021-05</subfield>
   </datafield>
   <datafield ind2=" " ind1=" " tag="520">
      <subfield code="a">Chronic Obstructive Pulmonary Disease (COPD) was the&#xd;
fourth leading cause of death in the world in 2019, and its&#xd;
burden is projected to increase in coming decades in relation&#xd;
to the aging of the population [1]. COPD is characterized&#xd;
by persistent respiratory symptoms and airflow limitation.&#xd;
According to the the level of airflow limitation (FEV1 %&#xd;
ref.), patients are classified into four categories (GOLD groups,&#xd;
Fig.1). Nevertheless, airflow severity is only one component of&#xd;
COPD, as patients with the same level of airflow limitation can&#xd;
present different symptoms, comorbidities and pathological&#xd;
processes (i.e. emphysema, cardiovascular diseases, cachexia,&#xd;
neutrophilic/eosinophilic inflammation) [2]. As a result, COPD&#xd;
is currently viewed as a heterogeneous disease with several&#xd;
endotypes, which are the molecular mechanisms leading to the&#xd;
clinical phenotype of the disease. Recognition of this disease&#xd;
heterogeneity is important as different endo-phenotypes may&#xd;
respond differently to therapies, so that more personalized&#xd;
therapies could be applied.&#xd;
The main objective of this work is to understand the&#xd;
local and molecular heterogeneity of the disease integrating&#xd;
different types of genomic data which are known to play a&#xd;
role in the pathology. We jointly profiled the mRNA, miRNA&#xd;
and methylome in lung tissue from 135 individuals with&#xd;
different grades of disease severity. In order to integrate all&#xd;
the diversified data, a multiplex patient similarity network was&#xd;
built and communities were detected through unsupervised&#xd;
clustering. Then, these clusters of patients were characterized&#xd;
using the clinical and genetic data available.</subfield>
   </datafield>
   <datafield tag="653" ind2=" " ind1=" ">
      <subfield code="a">Àrees temàtiques de la UPC::Informàtica::Arquitectura de computadors</subfield>
   </datafield>
   <datafield tag="653" ind2=" " ind1=" ">
      <subfield code="a">High performance computing</subfield>
   </datafield>
   <datafield tag="653" ind2=" " ind1=" ">
      <subfield code="a">COPD</subfield>
   </datafield>
   <datafield tag="653" ind2=" " ind1=" ">
      <subfield code="a">network medicine</subfield>
   </datafield>
   <datafield tag="653" ind2=" " ind1=" ">
      <subfield code="a">multi-omics</subfield>
   </datafield>
   <datafield tag="653" ind2=" " ind1=" ">
      <subfield code="a">multiplex networks</subfield>
   </datafield>
   <datafield tag="653" ind2=" " ind1=" ">
      <subfield code="a">Càlcul intensiu (Informàtica)</subfield>
   </datafield>
   <datafield ind2="0" ind1="0" tag="245">
      <subfield code="a">Multiplex network uncovers chronic obstructive pulmonary disease endotypes</subfield>
   </datafield>
</record></metadata></record></GetRecord></OAI-PMH>